|
|
|
|
| LEADER |
01044nam a2200289 u 4500 |
| 001 |
10040905 |
| 003 |
upatras |
| 005 |
20210117195919.0 |
| 008 |
010903s2001 us eng |
| 020 |
|
|
|a 189112112X
|
| 040 |
|
|
|a GR-PaULI
|c GR-PaULI
|
| 041 |
0 |
|
|a eng
|
| 082 |
0 |
4 |
|a 621.374 2
|
| 100 |
1 |
|
|a Zandman, Felix
|9 29735
|
| 245 |
1 |
0 |
|a Resistor theory and technology
|c Felix Zandman, Paul-Rene Simon, Joseph Szwarc
|
| 260 |
|
|
|a Park Ridge
|b Scitech
|c 2001
|
| 300 |
|
|
|a xiii, 308 p.
|b fig.
|c 24 cm.
|
| 504 |
|
|
|a Includes index
|
| 650 |
|
4 |
|a Νόμος του Ohm
|9 29736
|
| 700 |
1 |
|
|a Simon, Paul-Rene
|9 29737
|
| 700 |
1 |
|
|a Szwarc, Joseph
|9 29738
|
| 852 |
|
|
|a GR-PaULI
|b ΠΑΤΡΑ
|b ΒΚΠ
|b ΒΣ1
|k ΑΣΧΞ
|h 621.374 2 Z
|m 066059
|p 025000092569
|t 1
|
| 942 |
|
|
|2 ddc
|c BK15
|
| 952 |
|
|
|0 0
|1 0
|4 0
|6 621_374000000000000_2_Z
|7 0
|9 28199
|a LISP
|b LISP
|c BSC
|d 2016-04-24
|i 066059
|l 0
|o 621.374 2 Z
|p 025000092569
|r 2016-04-24 00:00:00
|t 1
|w 2016-04-24
|y BK15
|
| 998 |
|
|
|c ΠΑΝΑΓΟΠΟΥΛΟΥ
|d 2001-08
|
| 998 |
|
|
|c ΣΑΚΕΛΛΑΡΗ
|d 2001-08
|
| 999 |
|
|
|c 17915
|d 17915
|